[Event "Balkan Youth Online-ch 2020"]
[Site "Online"]
[Date "2020.10.31"]
[Round "4.79"]
[White "Lusheska, Elena"]
[Black "Zrmanovska, Mihaela"]
[Result "0-1"]
[WhiteElo "1086"]
[BlackElo "1300"]
[Annotator "NA RC"]
[PlyCount "166"]
[EventDate "2020.10.31"]
[EventType "swiss"]
[SourceTitle "playchess.com"]
[Source "ChessBase"]
[SourceQuality "1"]
[TimeControl "1500+5"]

1. d4 {[%emt 0:00:00]} d5 {[%emt 0:00:00]} 2. Nc3 {[%emt 0:00:00]} Nf6 {[%emt 0:00:22]} 3. Bf4 {[%emt 0:00:00]} e6 {[%emt 0:00:31]} 4. Nb5 {[%emt 0:00:00]} Na6 {[%emt 0:01:12]} 5. a4 {[%emt 0:00:15]} c6 {[%emt 0:00:51]} 6. Na3 {[%emt 0:00:01]} Be7 {[%emt 0:01:00]} 7. e3 {[%emt 0:00:01]} b6 {[%emt 0:00:16]} 8. c3 {[%emt 0:00:19]} O-O {[%emt 0:00:22]} 9. Bd3 {[%emt 0:00:11]} c5 {[%emt 0:00:31]} 10. Nf3 {[%emt 0:00:31]} Bb7 {[%emt 0:01:09]} 11. O-O {[%emt 0:01:13]} Nc7 {[%emt 0:02:52]} 12. b3 {[%emt 0:00:21]} Ne4 {[%emt 0:03:43]} 13. Qc2 {[%emt 0:00:34]} f5 {[%emt 0:00:08]} 14. Nd2 {[%emt 0:00:14]} Ne8 {[%emt 0:04:12]} 15. f3 {[%emt 0:00:06]} Nxd2 {[%emt 0:00:51]} 16. Qxd2 {[%emt 0:00:00]} Nd6 {[%emt 0:01:01]} 17. Qc2 {[%emt 0:01:30]} Rc8 {[%emt 0:00:33]} 18. Qe2 {[%emt 0:02:28]} Qd7 {[%emt 0:03:40]} 19. Bxd6 {[%emt 0:00:35]} Qxd6 {[%emt 0:00:17]} 20. Nb5 {[%emt 0:00:06]} Qb8 {[%emt 0:00:21]} 21. c4 {[%emt 0:00:21]} Bf6 {[%emt 0:01:31]} 22. Qf2 {[%emt 0:01:35]} a6 {[%emt 0:00:10]} 23. Na3 {[%emt 0:00:09]} Qd6 {[%emt 0:00:24]} 24. Nc2 {[%emt 0:02:13]} Rfd8 {[%emt 0:00:37]} 25. Rfd1 {[%emt 0:00:38]} Qe7 {[%emt 0:00:14]} 26. Rab1 {[%emt 0:00:07]} e5 {[%emt 0:00:06]} 27. dxc5 {[%emt 0:00:12]} Qxc5 {[%emt 0:00:03]} 28. Bxf5 {[%emt 0:00:01]} Rc7 {[%emt 0:00:04]} 29. Be6+ {[%emt 0:00:09]} Kh8 {[%emt 0:00:00]} 30. Bxd5 {[%emt 0:00:31]} Bxd5 {[%emt 0:00:00]} 31. cxd5 {[%emt 0:00:00]} Qxc2 {[%emt 0:00:00]} 32. Qxc2 {[%emt 0:00:00]} Rxc2 {[%emt 0:00:00]} 33. Rd3 {[%emt 0:00:03]} Rc5 {[%emt 0:00:00]} 34. Rbd1 {[%emt 0:00:00]} Be7 {[%emt 0:00:00]} 35. e4 {[%emt 0:00:00]} b5 {[%emt 0:00:00]} 36. h3 {[%emt 0:00:20]} bxa4 {[%emt 0:00:10]} 37. bxa4 {[%emt 0:00:00]} Rc4 {[%emt 0:00:00]} 38. Ra1 {[%emt 0:00:00]} a5 {[%emt 0:00:00]} 39. Kh2 {[%emt 0:00:00]} Bb4 {[%emt 0:00:00]} 40. Rb1 {[%emt 0:00:09]} Rd6 {[%emt 0:00:06]} 41. Rbb3 {[%emt 0:00:29]} Rc2 {[%emt 0:00:06]} 42. Rd1 {[%emt 0:00:26]} Ra2 {[%emt 0:00:00]} 43. Rc1 {[%emt 0:00:02]} h6 {[%emt 0:00:01]} 44. Rc6 {[%emt 0:00:16]} Rxc6 {[%emt 0:00:12]} 45. dxc6 {[%emt 0:00:00]} Rc2 {[%emt 0:00:00]} 46. Rb1 {[%emt 0:00:08]} Rxc6 {[%emt 0:00:00]} 47. Rb2 {[%emt 0:00:11]} Rc3 {[%emt 0:00:00]} 48. Ra2 {[%emt 0:00:00]} Ra3 {[%emt 0:00:00]} 49. Rxa3 {[%emt 0:00:00]} Bxa3 {[%emt 0:00:00]} 50. Kg3 {[%emt 0:00:00]} Kg8 {[%emt 0:00:00]} 51. Kg4 {[%emt 0:00:00]} g6 {[%emt 0:00:00]} 52. h4 {[%emt 0:00:00]} Kf7 {[%emt 0:00:00]} 53. f4 {[%emt 0:00:00]} Kf6 {[%emt 0:00:05]} 54. g3 {[%emt 0:00:03]} Bd6 {[%emt 0:00:05]} 55. Kf3 {[%emt 0:00:18]} h5 {[%emt 0:00:00]} 56. Ke3 {[%emt 0:00:06]} Bc5+ {[%emt 0:00:04]} 57. Kf3 {[%emt 0:00:00]} Bd6 {[%emt 0:00:08]} 58. Ke3 {[%emt 0:00:00]} exf4+ {[%emt 0:00:00]} 59. gxf4 {[%emt 0:01:52]} Be7 {[%emt 0:00:03]} 60. Kf3 {[%emt 0:00:02]} Ke6 {[%emt 0:00:00]} 61. Kg3 {[%emt 0:00:00]} Kd6 {[%emt 0:00:00]} 62. Kf3 {[%emt 0:00:12]} Bxh4 {[%emt 0:00:00]} 63. Ke3 {[%emt 0:00:05]} Bg3 {[%emt 0:00:03]} 64. Kf3 {[%emt 0:00:00]} h4 {[%emt 0:00:00]} 65. Kg4 {[%emt 0:00:00]} Ke6 {[%emt 0:00:02]} 66. Kf3 {[%emt 0:00:00]} Kf6 {[%emt 0:00:00]} 67. Kg4 {[%emt 0:00:00]} Kf7 {[%emt 0:00:04]} 68. Kf3 {[%emt 0:00:04]} Ke6 {[%emt 0:00:00]} 69. Kg4 {[%emt 0:00:00]} Kf6 {[%emt 0:00:00]} 70. e5+ {[%emt 0:00:01]} Ke6 {[%emt 0:00:00]} 71. Kf3 {[%emt 0:00:00]} Kf5 {[%emt 0:00:00]} 72. Kg2 {[%emt 0:00:06]} Bxf4 {[%emt 0:00:00]} 73. Kh3 {[%emt 0:00:00]} g5 {[%emt 0:00:00]} 74. Kg2 {[%emt 0:00:00]} Bxe5 {[%emt 0:00:00]} 75. Kh3 {[%emt 0:00:00]} Bd6 {[%emt 0:00:00]} 76. Kg2 {[%emt 0:00:00]} g4 {[%emt 0:00:00]} 77. Kh1 {[%emt 0:00:00]} h3 {[%emt 0:00:00]} 78. Kg1 {[%emt 0:00:00]} g3 {[%emt 0:00:00]} 79. Kh1 {[%emt 0:00:00]} g2+ {[%emt 0:00:03]} 80. Kg1 {[%emt 0:00:00]} Bc5+ {[%emt 0:00:00]} 81. Kh2 {[%emt 0:00:00]} g1=Q+ {[%emt 0:00:00]} 82. Kxh3 {[%emt 0:00:00]} Bd6 {[%emt 0:00:00]} 83. Kh4 {[%emt 0:00:00]} Qg4# {[%emt 0:00:00]} 0-1

[Event "Balkan Youth Online-ch 2020"]
[Site "Online"]
[Date "2020.10.31"]
[Round "4.82"]
[White "Ciolacu, Alessia-Mihaela"]
[Black "Elma, Muge"]
[Result "1-0"]
[WhiteElo "2052"]
[BlackElo "1689"]
[Annotator "TA"]
[PlyCount "55"]
[EventDate "2020.10.31"]
[EventType "swiss"]
[SourceTitle "playchess.com"]
[Source "ChessBase"]
[SourceQuality "1"]

{[%evp 18,55,16,5,46,41,66,65,46,55,127,133,128,133,141,131,141,131,208,212,187,44,515,234,431,499,709,611,947,852,652,637,639,637,1778,1785,1610,1475,29989,29984]} 1. d4 Nf6 2. c4 g6 3. Nc3 d5 4. cxd5 Nxd5 5. e4 Nxc3 6. bxc3 Bg7 7. Nf3 c5 8. h3 O-O 9. Be2 Nc6 {9...cxd4 is setting a new trend. Played by Peter Svidler in October 2020.} 10. Be3 Qa5 {D85: Exchange Grünfeld: Unusual White 7th moves and lines with 7 Nf3.} 11. O-O Rd8 12. d5 Bxc3 {White is slightly better.} 13. Rc1 {[#]} b6 $146 {[#]} (13... Nd4 $14) ({Predecessor:} 13... Nd4 14. Nxd4 cxd4 15. Bxd4 Bxd4 16. Qxd4 Qxa2 17. Bf3 Qa3 18. e5 Qa5 19. Rc5 Qb6 {1-0 (45) Wagner,D (2581)-Turzo,A (2303) chess.com INT 2020}) 14. Rxc3 $1 $16 Qxc3 15. Bd2 Qf6 16. dxc6 Qxc6 17. Qc2 Bb7 {[#]} (17... Be6 $16) 18. Bc4 $1 $18 {[%cal Rc4f7][%mdl 1024] Strongly threatening Bxf7+! White has strong compensation.} e6 19. Bg5 (19. Bh6 $18 Qxe4 20. Qb2) 19... Re8 $2 {[%mdl 8192] This costs Black the game.} ({Black should play} 19... Qxe4 $14 20. Qxe4 Bxe4) 20. e5 (20. Qc3 $142 Qd6 21. Bh6) 20... Qe4 $2 (20... Red8 21. Bxd8 Rxd8) 21. Qc1 Qf5 (21... h6 $142) 22. Bf6 {Threatening mate with Qh6.} Qh5 23. Nh2 {Black must now prevent Be2!} g5 24. Bxg5 Qg6 {Threatening ...h6.} 25. Ng4 Rec8 26. Rd1 Rc7 27. Bd3 Qg7 28. Bh6 {Av CentiPawn Loss W=-38/B=-168. Weighted=-35/-158} 1-0

[Event "Balkan Youth Online-ch 2020"]
[Site "Online"]
[Date "2020.10.31"]
[Round "4.83"]
[White "Kouta, Antonia"]
[Black "Lehaci, Miruna-Daria"]
[Result "1/2-1/2"]
[WhiteElo "1714"]
[BlackElo "2223"]
[Annotator "TA"]
[PlyCount "85"]
[EventDate "2020.10.31"]
[EventType "swiss"]
[SourceTitle "playchess.com"]
[Source "ChessBase"]
[SourceQuality "1"]

{[%evp 12,85,40,18,41,16,36,19,50,30,32,33,67,42,56,38,62,39,36,39,43,23,12,12,14,24,39,10,40,35,43,-18,0,0,30,0,15,3,22,0,7,0,0,0,0,0,24,26,35,1,102,100,110,97,130,114,211,202,197,165,219,109,114,0,0,0,0,0,0,0,0,0,0,0,0,0]} 1. e4 e6 2. d4 d5 3. Nd2 c5 4. Ngf3 Nc6 5. exd5 exd5 6. Bb5 cxd4 {6...Qe7+ is setting a new trend.} 7. Nxd4 Qe7+ {C09: French Tarrasch: 3...c5 4 exd5 exd5 5 Ngf3 Nc6.} 8. Qe2 Qxe2+ 9. Nxe2 Bd6 {[#]} 10. O-O $146 ({Predecessor:} 10. Nb3 a6 11. Bxc6+ bxc6 12. Bf4 Be7 13. O-O-O Be6 14. Rhe1 Nf6 15. Ned4 Kd7 16. Nf3 Rhc8 17. Nbd4 {½-½ (17) Korneev,O (2530)-Khegay,D (2504) Pavlodar 2019}) 10... Nge7 11. Nb3 Bd7 12. Be3 b6 13. Nbd4 Ne5 14. a4 a6 15. Bxd7+ Kxd7 16. Nb3 Nc4 17. Bd4 Nf5 18. Bc3 f6 19. Ned4 (19. Rad1 {with more complications.} Ne7 20. Nbd4 Rac8 21. Rfe1 Rhe8 22. b3) 19... Nxd4 (19... Ne7 {keeps more tension.} 20. Rfe1 Rac8 21. Rad1 Be5 22. Nc1 Rhe8) 20. Nxd4 Rhe8 21. Rfe1 ({Better is} 21. Nf5 $14) 21... Be5 22. Rad1 g6 23. b3 Nd6 24. Ne2 Kc6 25. Nd4+ Kb7 26. Ne2 Rac8 27. Bxe5 Rxe5 28. Nd4 Rce8 29. Kf1 Ne4 30. Re3 (30. Nf3 {looks sharper.} Rf5 31. Rd4 Re6 32. Re2 Kc7 33. a5) 30... f5 (30... Nxf2 $11 31. Rxe5 fxe5 32. Kxf2 exd4) 31. Nf3 $16 f4 32. Red3 R5e6 33. Rxd5 Nc3 (33... Kc8 $16) 34. Rd7+ $18 {[%mdl 64] [#] Double Attack} Kc8 35. R1d3 g5 (35... h5 {might work better.} 36. Rg7 Ne4) 36. Rg7 (36. Rxh7 $18 {is more deadly.} Ne4 37. Rg7) 36... Ne4 $16 37. Rdd7 ({Much worse is} 37. Rxh7 $6 g4 $11) (37. g3 $16) 37... g4 $1 $11 {The position is equal.} 38. Rc7+ Kb8 39. Rb7+ Ka8 40. Ra7+ Kb8 41. Rab7+ Ka8 42. Ra7+ Kb8 {[#] ( -> ...Nd2+!)} 43. Rab7+ {Av CentiPawn Loss W=-17/B=-16. Weighted=-21/-18} 1/2-1/2

[Event "Balkan Youth Online-ch 2020"]
[Site "Online"]
[Date "2020.10.31"]
[Round "4.84"]
[White "Sural, Ceren"]
[Black "Dimitrijevic, Andjela"]
[Result "0-1"]
[WhiteElo "1686"]
[BlackElo "1810"]
[Annotator "NA RC"]
[PlyCount "116"]
[EventDate "2020.10.31"]
[EventType "swiss"]
[SourceTitle "playchess.com"]
[Source "ChessBase"]
[SourceQuality "1"]
[TimeControl "1500+5"]

1. f4 {[%emt 0:00:00]} d5 {[%emt 0:00:52]} 2. Nf3 {[%emt 0:00:11]} Nf6 {[%emt 0:00:11]} 3. b3 {[%emt 0:00:01]} g6 {[%emt 0:02:53]} 4. Bb2 {[%emt 0:00:06]} Bg7 {[%emt 0:00:00]} 5. e3 {[%emt 0:00:02]} c5 {[%emt 0:00:46]} 6. Be2 {[%emt 0:00:42]} Nc6 {[%emt 0:00:10]} 7. O-O {[%emt 0:00:18]} O-O {[%emt 0:00:06]} 8. Bb5 {[%emt 0:03:56] A03: Bird's Opening with 1...d5.} Qb6 {[%emt 0:04:10]} 9. Bxc6 {[%emt 0:01:40]} bxc6 {[%emt 0:00:13]} 10. Re1 {[%emt 0:00:28] [#]} Bf5 $146 {[%emt 0:00:51]} ({Predecessor:} 10... a5 11. Qc1 a4 12. Nc3 axb3 13. axb3 Rxa1 14. Qxa1 Bb7 15. Na4 Qa7 16. Nc3 Ra8 17. Qxa7 Rxa7 {½-½ (49) Diez Villace,V (1651)-Garcia Corada,P (2013) Valladolid 2013}) 11. d3 {[%emt 0:01:07]} c4 {[%emt 0:00:33]} 12. dxc4 {[%emt 0:01:55]} dxc4 {[%emt 0:00:55]} 13. Qe2 {[%emt 0:00:37]} cxb3 {[%emt 0:00:26]} 14. cxb3 {[%emt 0:00:46]} Rfd8 {[%emt 0:01:10]} 15. Nd4 {[%emt 0:00:40]} Bg4 {[%emt 0:00:16]} 16. Nf3 {[%emt 0:00:27]} Nd5 {[%emt 0:02:53]} 17. Kh1 {[%emt 0:02:18]} Bxb2 {[%emt 0:01:49]} 18. Qxb2 {[%emt 0:00:00]} Nxe3 {[%emt 0:00:52]} 19. Nc3 {[%emt 0:02:04]} Bxf3 {[%emt 0:03:51]} 20. gxf3 {[%emt 0:00:44]} Nf5 {[%emt 0:00:23]} 21. Ne4 {[%emt 0:01:19]} Rd3 {[%emt 0:02:10]} 22. Qg2 {[%emt 0:02:39]} Rad8 {[%emt 0:00:09]} 23. Qh3 {[%emt 0:00:33]} Qd4 {[%emt 0:00:50]} 24. Rg1 {[%emt 0:00:51]} Kh8 {[%emt 0:00:09]} 25. Ng5 {[%emt 0:00:39]} Qg7 {[%emt 0:00:00]} 26. Rac1 {[%emt 0:00:20]} R3d6 {[%emt 0:00:08]} 27. Ne4 {[%emt 0:00:08]} R6d7 {[%emt 0:00:11]} 28. Rce1 {[%emt 0:00:59]} Qh6 {[%emt 0:00:01]} 29. Qxh6 {[%emt 0:00:51]} Nxh6 $17 {[%emt 0:00:00]} 30. Rc1 {[%emt 0:00:05]} Rc7 {[%emt 0:00:08]} 31. Ng5 {[%emt 0:00:05]} Kg7 {[%emt 0:00:06]} 32. Ne4 {[%emt 0:00:36]} Rd3 {[%emt 0:00:08]} 33. Rgf1 {[%emt 0:00:12]} Nf5 {[%emt 0:00:00]} 34. Rc2 {[%emt 0:00:12]} Nd4 {[%emt 0:00:00]} 35. Rcf2 {[%emt 0:00:00]} Nf5 {[%emt 0:00:17]} 36. Rc1 {[%emt 0:00:03]} Nd4 {[%emt 0:00:00]} 37. Rcf1 {[%emt 0:00:00]} c5 {[%emt 0:00:00]} 38. Kg2 {[%emt 0:00:05]} Ne6 {[%emt 0:00:01]} 39. Kg3 {[%emt 0:00:06]} h6 {[%emt 0:00:16]} 40. Rc1 {[%emt 0:00:01]} f5 {[%emt 0:00:01]} 41. Nc3 {[%emt 0:00:19]} a6 {[%emt 0:00:11]} 42. Re1 {[%emt 0:00:01]} Nf8 {[%emt 0:00:07]} (42... Kf7 $19 43. Na4 Rd4) 43. Re5 $2 {[%emt 0:00:01]} (43. Na4 $17) 43... Kf7 {[%emt 0:00:04]} 44. Rfe2 {[%emt 0:00:13]} Rxc3 {[%emt 0:00:00]} 45. Kf2 {[%emt 0:00:08]} c4 {[%emt 0:00:08]} 46. bxc4 {[%emt 0:00:00]} R3xc4 {[%emt 0:00:00]} 47. Ra5 {[%emt 0:00:01]} R7c6 {[%emt 0:00:00]} 48. Rae5 {[%emt 0:00:00]} e6 {[%emt 0:00:03]} 49. Kg3 {[%emt 0:00:00]} Nd7 {[%emt 0:00:09]} 50. Ra5 {[%emt 0:00:04]} R4c5 {[%emt 0:00:05]} 51. Ra3 {[%emt 0:00:00]} Rd5 {[%emt 0:00:07]} 52. Rb2 {[%emt 0:00:06]} Rb5 {[%emt 0:00:05]} 53. Rd2 {[%emt 0:00:00]} Rd5 {[%emt 0:00:01]} 54. Rb2 {[%emt 0:00:00]} Kf6 {[%emt 0:00:18]} 55. Re3 {[%emt 0:00:00]} e5 {[%emt 0:00:00]} 56. Rb7 {[%emt 0:00:20]} exf4+ {[%emt 0:00:02]} 57. Kxf4 {[%emt 0:00:00]} g5+ {[%emt 0:00:00]} 58. Kg3 {[%emt 0:00:00]} f4+ {[%emt 0:00:00]} 0-1

[Event "Balkan Youth Online-ch 2020"]
[Site "Online"]
[Date "2020.10.31"]
[Round "4.87"]
[White "Tsampouli, Vasiliki"]
[Black "Anghel, Maria"]
[Result "1/2-1/2"]
[WhiteElo "1549"]
[BlackElo "1826"]
[Annotator "NA RC"]
[PlyCount "132"]
[EventDate "2020.10.31"]
[EventType "swiss"]
[SourceTitle "playchess.com"]
[Source "ChessBase"]
[SourceQuality "1"]
[TimeControl "1500+5"]

1. e4 {[%emt 0:00:00]} c6 {[%emt 0:00:00]} 2. d4 {[%emt 0:00:00]} d5 {[%emt 0:00:00]} 3. exd5 {[%emt 0:00:00]} cxd5 {[%emt 0:00:00]} 4. c4 {[%emt 0:00:00]} Nf6 {[%emt 0:00:00]} 5. Nc3 {[%emt 0:00:00]} e6 {[%emt 0:00:00]} 6. Nf3 {[%emt 0:00:00]} Bb4 {[%emt 0:00:00]} 7. Bg5 {[%emt 0:00:23]} h6 {[%emt 0:02:04] B14: Caro-Kann: Panov-Botvinnik Attack with 5...e6 and 5...g6.} 8. Bd2 {[%emt 0:00:18]} O-O {[%emt 0:00:15]} 9. Bd3 {[%emt 0:00:03]} dxc4 {[%emt 0:00:08]} 10. Bxc4 {[%emt 0:00:00] [#]} b6 $146 {[%emt 0:00:58]} ({Predecessor:} 10... Nc6 11. a3 Bd6 12. O-O b6 13. Qe2 Bb7 14. Rac1 Rc8 15. Rfd1 Ne7 16. Ne5 Nf5 {0-1 (35) Cardoso Contreras,S (2006)-Cilloniz Razzeto,A (2388) ICCF email 2007}) 11. a3 {[%emt 0:00:17]} Be7 {[%emt 0:00:19]} 12. O-O {[%emt 0:00:28]} Bb7 {[%emt 0:00:01]} 13. Be3 {[%emt 0:01:43]} Nc6 {[%emt 0:00:36]} 14. Ne5 {[%emt 0:02:20]} Rc8 {[%emt 0:00:37]} 15. Bb3 {[%emt 0:00:10]} Bd6 {[%emt 0:02:35]} 16. f4 {[%emt 0:02:17]} Ne7 {[%emt 0:00:37]} 17. Rc1 {[%emt 0:02:32]} Nf5 {[%emt 0:01:49]} 18. Bf2 {[%emt 0:00:21]} Ne4 {[%emt 0:00:27]} 19. Nxe4 {[%emt 0:02:37]} Bxe4 {[%emt 0:00:20]} 20. Rxc8 {[%emt 0:00:17]} Qxc8 {[%emt 0:00:04]} 21. Qd2 {[%emt 0:00:32]} Qb7 {[%emt 0:00:25]} 22. g4 {[%emt 0:01:09]} Ne7 {[%emt 0:02:52]} 23. Bg3 {[%emt 0:00:31]} Nc6 {[%emt 0:02:05]} 24. d5 {[%emt 0:02:25]} Nxe5 {[%emt 0:04:50]} 25. fxe5 {[%emt 0:00:35]} Bc5+ {[%emt 0:00:07]} 26. Bf2 {[%emt 0:00:04]} exd5 {[%emt 0:00:19]} 27. g5 {[%emt 0:02:41]} Qd7 {[%emt 0:01:59]} 28. Bd1 {[%emt 0:02:53]} hxg5 {[%emt 0:01:10]} 29. Qxg5 {[%emt 0:00:01]} Rc8 {[%emt 0:01:09]} 30. Bg4 {[%emt 0:00:07]} Bxf2+ {[%emt 0:00:45]} 31. Rxf2 {[%emt 0:00:49]} Rc1+ {[%emt 0:00:07]} 32. Qxc1 {[%emt 0:00:10]} Qxg4+ {[%emt 0:00:03]} 33. Kf1 {[%emt 0:00:00]} Bd3+ {[%emt 0:00:09]} 34. Ke1 {[%emt 0:00:15]} Qg1+ {[%emt 0:00:03]} 35. Kd2 {[%emt 0:00:01]} Qxf2+ {[%emt 0:00:00]} 36. Kxd3 {[%emt 0:00:00]} Qf3+ {[%emt 0:00:21]} 37. Qe3 {[%emt 0:00:09]} Qd1+ {[%emt 0:00:16]} 38. Kc3 {[%emt 0:00:10]} Kf8 {[%emt 0:00:20]} 39. Qg5 {[%emt 0:00:23]} d4+ {[%emt 0:00:06]} 40. Kc4 {[%emt 0:00:01]} g6 {[%emt 0:00:08]} 41. Qd8+ {[%emt 0:00:00]} Kg7 {[%emt 0:00:00]} 42. Qf6+ {[%emt 0:00:00]} Kh6 {[%emt 0:00:00]} 43. Qh4+ {[%emt 0:00:00]} Qh5 {[%emt 0:00:08]} 44. Qxh5+ {[%emt 0:00:40]} Kxh5 {[%emt 0:00:00]} 45. Kxd4 {[%emt 0:00:00]} Kh4 {[%emt 0:00:10]} 46. Kd5 {[%emt 0:00:00]} Kh3 {[%emt 0:00:06]} 47. Kd6 {[%emt 0:00:00]} Kxh2 {[%emt 0:00:00]} 48. Ke7 {[%emt 0:00:00]} g5 {[%emt 0:00:00]} 49. Kxf7 {[%emt 0:00:00]} g4 {[%emt 0:00:00]} 50. e6 {[%emt 0:00:00]} g3 {[%emt 0:00:00]} 51. e7 {[%emt 0:00:00]} g2 {[%emt 0:00:00]} 52. e8=Q {[%emt 0:00:00]} g1=Q {[%emt 0:00:00]} 53. Qh8+ {[%emt 0:00:00]} Kg2 {[%emt 0:00:00]} 54. Qg7+ {[%emt 0:00:00]} Kf2 {[%emt 0:00:00]} 55. Qf6+ {[%emt 0:00:00]} Ke2 {[%emt 0:00:00]} 56. Qe5+ {[%emt 0:00:00]} Qe3 {[%emt 0:00:00]} 57. Qh2+ {[%emt 0:00:12]} Kd3 {[%emt 0:00:00]} 58. Qd6+ {[%emt 0:00:04]} Kc2 {[%emt 0:00:00]} 59. Qc7+ {[%emt 0:00:51]} Kxb2 {[%emt 0:00:14]} 60. Qxa7 {[%emt 0:00:01]} Qb3+ {[%emt 0:00:15]} 61. Kf6 {[%emt 0:00:07]} Qc3+ {[%emt 0:00:27]} 62. Ke6 {[%emt 0:00:09]} b5 {[%emt 0:00:25]} 63. Qa6 {[%emt 0:00:29]} Qc4+ {[%emt 0:00:09]} 64. Kd6 {[%emt 0:00:33]} Qb3 {[%emt 0:00:09]} 65. Kc6 {[%emt 0:00:10]} b4 {[%emt 0:00:06]} 66. axb4 $11 {[%emt 0:00:02]} Qxb4 {[%emt 0:00:02]} 1/2-1/2

[Event "Balkan Youth Online-ch 2020"]
[Site "Online"]
[Date "2020.10.31"]
[Round "4.89"]
[White "Bucur, Denisa-Andreea"]
[Black "Obada, Ema"]
[Result "1/2-1/2"]
[WhiteElo "2063"]
[BlackElo "1940"]
[Annotator "TA"]
[PlyCount "74"]
[EventDate "2020.10.31"]
[EventType "swiss"]
[SourceTitle "playchess.com"]
[Source "ChessBase"]
[SourceQuality "1"]

{[%evp 12,74,52,53,53,41,51,51,51,45,45,20,102,67,172,125,123,136,166,156,153,157,175,172,179,180,159,174,242,81,124,118,102,93,93,0,0,0,0,-19,-25,-20,-27,-27,-27,-25,-25,-25,-25,-25,-26,-24,-8,-23,-3,-3,-3,-3,-3,-6,-6,-5,0,0,0]} 1. d4 e6 2. c4 Nf6 3. Nf3 b6 4. Nc3 Bb7 5. a3 Be7 6. d5 d6 7. e4 Nbd7 {E12: Queen's Indian: Unusual White 4th moves, 4 a3, 4 Nc3 Bb7 5 a3 and 4 Nc3 Bb7 .} 8. Be2 Nc5 9. Qc2 a5 {White is slightly better.} 10. O-O O-O {[#]} 11. b3 $146 ({Predecessor:} 11. Bg5 Nxd5 12. Bd2 Nxc3 13. Bxc3 Bxe4 14. Qd1 a4 15. Nd2 Bb7 16. Bf3 Bxf3 17. Qxf3 {0-1 (56) Pushkov,N (2522)-Khanukov,B (2358) Hockenheim 2007}) 11... Qd7 (11... b5 $11) 12. Bb2 c6 (12... a4 $14) 13. b4 axb4 14. axb4 Na6 15. Rxa6 $1 {[%mdl 64] Deflection} Bxa6 16. dxc6 Qxc6 17. b5 Bxb5 18. cxb5 Qc5 19. Qb3 Rfc8 {[#]} (19... Nd7 {might work better.} 20. Rd1 Qc7) 20. h3 $2 (20. Nd4 $1 $18 {[%mdl 512]}) 20... Nxe4 21. Nxe4 Qc2 22. Qxc2 Rxc2 23. Bd4 (23. Bc3 $16 {aiming for Nd4.} Rxe2 24. Ned2) 23... Rxe2 $11 24. Ned2 $1 e5 $1 $36 {[%cal Re5d4][%mdl 2048] Black has some pressure.} 25. Be3 d5 $1 {[%cal Rd5d4] Strongly threatening ...d4.} 26. Rd1 $1 d4 27. Kf1 dxe3 28. Kxe2 exd2 29. Nxe5 {[%mdl 4096] Endgame KRB-KRN} Bb4 {And now ...Re8 would win.} 30. Nc4 Re8+ 31. Kd3 $1 Re1 32. Kc2 f6 33. Nxb6 {Hoping for Nd5.The position is equal.} Re5 34. Nc4 Rc5 35. Kd3 Rxb5 36. Nxd2 Rd5+ 37. Ke2 Bxd2 {Black defended with fortune. Av CentiPawn Loss W=-13/B=-11. Weighted=-14/-14} 1/2-1/2

[Event "Balkan Youth Online-ch 2020"]
[Site "Online"]
[Date "2020.10.31"]
[Round "4.90"]
[White "Srdanovic, Jovana"]
[Black "Kalyva, Kyriaki"]
[Result "1-0"]
[WhiteElo "2144"]
[BlackElo "1823"]
[Annotator "TA"]
[PlyCount "49"]
[EventDate "2020.10.31"]
[EventType "swiss"]
[SourceTitle "playchess.com"]
[Source "ChessBase"]
[SourceQuality "1"]

{[%evp 11,49,26,35,31,28,23,28,-8,-13,-29,-17,-16,-16,-11,-11,-11,-13,-13,-7,-23,-13,-13,-13,-5,-13,-45,0,0,118,107,136,147,239,99,230,222,711,696,668,658]} 1. d4 d5 2. c4 c6 3. Nc3 Nf6 4. Nf3 e6 5. Bg5 dxc4 6. a4 Nbd7 {[%cal Bb8d7,Bd7f6,Bf6d5,Bd5c3][%mdl 32]} 7. e3 {D44: Semi-Slav: Botvinnik System.} Qa5 {[#] ...Ne4 is the strong threat.} 8. Bxf6 Nxf6 9. Nd2 {White has an edge.} Bb4 10. Qc1 (10. Bxc4 {with more complications.} O-O 11. O-O e5 12. Qb3 exd4 13. exd4 Qb6 14. Rfe1) 10... Nd5 {[%cal Rd5c3]} 11. Nxc4 Bxc3+ 12. bxc3 Qxc3+ 13. Qxc3 Nxc3 14. Bd3 {[#]} Nd5 $146 ({Predecessor:} 14... Ke7 15. Kd2 Nxa4 16. Rxa4 b5 17. Ra5 bxc4 18. Bxc4 Rd8 19. Rha1 Rd7 20. g4 f5 {0-1 (39) Dusek,R-Rmoutil,M (2002) Ricany 2007}) 15. Kd2 Ke7 16. a5 Bd7 17. Rhb1 $36 {[%mdl 2048] Black is under pressure.} Rab8 18. e4 Nf4 19. Bf1 c5 (19... Ng6 $11 {keeps the balance.}) 20. Ke3 Nh5 21. dxc5 Bc6 (21... g5 $16 22. h3 Nf4) 22. Ne5 (22. a6 $18 {is more deadly.}) 22... Rhc8 (22... Nf6 $16) 23. a6 $18 {[#] Strongly threatening axb7.} f6 $2 (23... Nf6 24. axb7 Rc7 25. Nxc6+ (25. Rxa7 Bxe4 26. Bd3 Rbxb7 $16) 25... Rxc6 26. Rxa7 Rxc5) 24. Nxc6+ bxc6 25. g4 {Av CentiPawn Loss W=-14/B=-52. Weighted=-24/-56} 1-0